000 00282nam a2200121Ia 4500
008 241002s9999 xx 000 0 und d
082 _a808.3 FAR
100 _aFarooki Nasir Ahmed
245 0 _aSnakes and Laddeers
260 _aLahore:
_c1968
600 _aLiterature
942 _cUC
999 _c18841
_d18841